Normal view
MARC view
- ENGINEERING MATHEMATICAL MODELS
Entry Topical Term
001 - CONTROL NUMBER
- control field: 61739
003 - CONTROL NUMBER IDENTIFIER
- control field: NUST
005 - DATE AND TIME OF LATEST TRANSACTION
- control field: 20210628202817.0
008 - FIXED-LENGTH DATA ELEMENTS
- fixed length control field: 210628|| aca||aabn | a|a d
040 ## - CATALOGING SOURCE
- Original cataloging agency: NUST
- Transcribing agency: NUST
150 ## - HEADING--TOPICAL TERM
- Topical term or geographic name entry element: ENGINEERING MATHEMATICAL MODELS
670 ## - SOURCE DATA FOUND
- Source citation: Work cat.: (NUST): SHEARER, J.LOWEN ,KULANKOWSKI, BOHDAN T 61738, DYNAMIC MODELING AND CONTROL OF ENGINEERING SYSTEMS , 1990
